000 01072cam a2200373 i 4500
003 DO-SdBPM
005 20251027102414.0
007 ta
008 100514s 1993 sp a | |||| 000 spa
015 _a
017 _a
_b
020 _a8480160462
035 _a
040 _aDO-SdBPM
_bspa
_cBPMSU
_erda
080 _a
082 4 _aR036.1
_bR815L 1993
_222
100 1 _aRosenstiehl, Agnés
_eautor
245 1 0 _a Larousse de los pequeñines /
_c Agnés Rosenstiehl
_h
250 _a2a. ed.
260 _c
264 _aBarcelona :
_bLarousse,
_c1993
300 _a volumenes :
_bilustracones ;
_c20 cm.
336 _atexto
_btxt
_2rdacontent
337 _asin mediación
_bn
_2rdamedia
338 _avolumen
_bnc
_2reacarrier
505 0 _av.12: Cosas que comemos -- v.13 : La ropa que nos gusta
506 _a
590 _aInventariado, 2025/VM
650 7 _a Enciclopedia y diccionarios para niños
650 7 _aLibros ilustrados infantiles
710 2 _aLarousse
910 _aVMateo V. Control de calidad. BPMSU
942 _2ddc
_cBK
999 _c15474
_d15474